[Event "Deutsche Ländermeisterschaft 2024"]
[Site "Tübingen GER"]
[Date "2024.10.04"]
[Round "4"]
[White "Weber, Nikita"]
[Black "Bornholdt, Joa Max"]
[Result "1-0"]
[Termination "normal"]
[Board "4.2"]
[BlackTitle "FM"]
[WhiteElo "2130"]
[BlackElo "2268"]
[WhiteClock "00:10:52"]
[BlackClock "00:00:31"]
[WhiteTeam "Rheinland-Pfalz"]
[BlackTeam "Schleswig-Holstein"]
[PlyCount "83"]
[WhiteFideId "34608770"]
[BlackFideId "16253477"]
[EventCountry "GER"]
[EventRounds "7"]
[EventType "team-swiss"]
[EventDate "2024.10.02"]

1. d4 {[%clk 01:30:54]} {[%emt 00:00:05]} d5 {[%clk 01:30:32]} {[%emt
00:00:28]} 2. Bf4 {[%clk 01:31:14]} {[%emt 00:00:11]} Nf6 {[%clk 01:26:14]}
{[%emt 00:04:48]} 3. e3 {[%clk 01:31:24]} {[%emt 00:00:20]} e6 {[%clk
01:25:37]} {[%emt 00:01:07]} 4. Nf3 {[%clk 01:31:47]} {[%emt 00:00:06]} c5
{[%clk 01:19:47]} {[%emt 00:06:20]} 5. Be2 {[%clk 01:30:28]} {[%emt 00:01:49]}
Bd6 {[%clk 01:19:12]} {[%emt 00:01:05]} 6. Ne5 {[%clk 01:29:55]} {[%emt
00:01:03]} Nc6 {[%clk 01:16:50]} {[%emt 00:02:52]} 7. c3 {[%clk 01:28:41]}
{[%emt 00:01:45]} Qc7 {[%clk 01:07:00]} {[%emt 00:10:19]} 8. Nxc6 {[%clk
01:12:33]} {[%emt 00:16:37]} bxc6 {[%clk 01:02:37]} {[%emt 00:04:53]} 9. Bxd6
{[%clk 01:10:00]} {[%emt 00:03:03]} Qxd6 {[%clk 01:03:06]} {[%emt 00:00:02]}
10. Nd2 {[%clk 01:09:18]} {[%emt 00:01:12]} Rb8 {[%clk 01:01:15]} {[%emt
00:02:19]} 11. Qc2 {[%clk 01:08:53]} {[%emt 00:00:56]} O-O {[%clk 01:01:18]}
{[%emt 00:00:26]} 12. O-O {[%clk 01:07:28]} {[%emt 00:01:55]} e5 {[%clk
00:58:59]} {[%emt 00:02:49]} 13. Nf3 {[%clk 01:02:03]} {[%emt 00:05:55]} e4
{[%clk 00:46:48]} {[%emt 00:12:42]} 14. dxc5 {[%clk 01:01:03]} {[%emt
00:01:30]} Qxc5 {[%clk 00:45:52]} {[%emt 00:01:26]} 15. Nd4 {[%clk 01:01:20]}
{[%emt 00:00:13]} Qb6 {[%clk 00:33:59]} {[%emt 00:12:22]} 16. b4 {[%clk
00:59:02]} {[%emt 00:02:48]} c5 {[%clk 00:25:26]} {[%emt 00:09:03]} 17. bxc5
{[%clk 00:59:12]} {[%emt 00:00:20]} Qxc5 {[%clk 00:25:53]} {[%emt 00:00:03]}
18. c4 {[%clk 00:57:18]} {[%emt 00:02:24]} dxc4 {[%clk 00:21:45]} {[%emt
00:04:38]} 19. Qxc4 {[%clk 00:57:22]} {[%emt 00:00:26]} Qg5 {[%clk 00:20:04]}
{[%emt 00:02:10]} 20. Kh1 {[%clk 00:54:21]} {[%emt 00:03:31]} Bg4 {[%clk
00:17:16]} {[%emt 00:03:18]} 21. Rab1 {[%clk 00:47:11]} {[%emt 00:07:41]} Rbc8
{[%clk 00:14:00]} {[%emt 00:03:46]} 22. Qa6 {[%clk 00:43:45]} {[%emt 00:03:55]}
Qh4 {[%clk 00:10:48]} {[%emt 00:03:42]} 23. Qd6 {[%clk 00:40:35]} {[%emt
00:03:40]} Bxe2 {[%clk 00:08:10]} {[%emt 00:03:09]} 24. Nxe2 {[%clk 00:41:04]}
{[%emt 00:00:01]} Rfd8 {[%clk 00:08:14]} {[%emt 00:00:26]} 25. Rbc1 {[%clk
00:35:29]} {[%emt 00:06:05]} Rb8 {[%clk 00:03:27]} {[%emt 00:05:17]} 26. Rb1
{[%clk 00:35:10]} {[%emt 00:00:49]} Rbc8 {[%clk 00:03:55]} {[%emt 00:00:01]}
27. Rbc1 {[%clk 00:35:29]} {[%emt 00:00:11]} h5 {[%clk 00:02:13]} {[%emt
00:02:12]} 28. Rxc8 {[%clk 00:35:54]} {[%emt 00:00:06]} Rxc8 {[%clk 00:02:42]}
{[%emt 00:00:01]} 29. Nd4 {[%clk 00:35:53]} {[%emt 00:00:30]} Ng4 {[%clk
00:02:31]} {[%emt 00:00:41]} 30. Nf5 {[%clk 00:34:51]} {[%emt 00:01:33]} Qxf2
{[%clk 00:02:26]} {[%emt 00:00:35]} 31. Qa6 {[%clk 00:31:54]} {[%emt 00:03:27]}
Rc6 {[%clk 00:00:46]} {[%emt 00:02:10]} 32. Ne7+ {[%clk 00:30:53]} {[%emt
00:01:31]} Kh7 {[%clk 00:01:15]} 33. Nxc6 {[%clk 00:31:10]} {[%emt 00:00:14]}
Qh4 {[%clk 00:01:43]} {[%emt 00:00:01]} 34. h3 {[%clk 00:30:47]} {[%emt
00:00:52]} Nf2+ {[%clk 00:00:57]} {[%emt 00:01:16]} 35. Kh2 {[%clk 00:26:42]}
{[%emt 00:04:35]} Ng4+ {[%clk 00:01:24]} {[%emt 00:00:03]} 36. Kg1 {[%clk
00:25:29]} {[%emt 00:01:44]} Qg3 {[%clk 00:00:58]} {[%emt 00:00:56]} 37. hxg4
{[%clk 00:25:51]} {[%emt 00:00:08]} Qxe3+ {[%clk 00:01:24]} {[%emt 00:00:04]}
38. Kh1 {[%clk 00:18:32]} {[%emt 00:07:49]} hxg4 {[%clk 00:01:52]} {[%emt
00:00:02]} 39. Ne5 {[%clk 00:14:36]} {[%emt 00:04:25]} Qg5 {[%clk 00:01:36]}
{[%emt 00:00:46]} 40. Qe2 {[%clk 00:11:10]} {[%emt 00:03:56]} Qh6+ {[%clk
00:00:34]} {[%emt 00:01:33]} 41. Kg1 {[%clk 00:11:38]} {[%emt 00:00:02]} Qb6+
{[%clk 00:00:31]} {[%emt 00:00:33]} 42. Qf2 {[%clk 00:10:52]} {[%emt 00:01:15]}
1-0

[Event "Deutsche Ländermeisterschaft 2024"]
[Site "Tübingen GER"]
[Date "2024.10.04"]
[Round "4"]
[White "Bräutigam, Alexander"]
[Black "Gröschel, Karoline"]
[Result "1/2-1/2"]
[Termination "normal"]
[Board "4.3"]
[WhiteElo "2104"]
[BlackElo "1968"]
[WhiteClock "00:34:55"]
[BlackClock "00:16:35"]
[WhiteTeam "Schleswig-Holstein"]
[BlackTeam "Rheinland-Pfalz"]
[PlyCount "91"]
[WhiteFideId "16245210"]
[BlackFideId "34610537"]
[EventCountry "GER"]
[EventRounds "7"]
[EventType "team-swiss"]
[EventDate "2024.10.02"]

1. c4 {[%clk 01:30:59]} e5 {[%clk 01:30:39]} {[%emt 00:00:21]} 2. Nc3 {[%clk
01:31:24]} {[%emt 00:00:05]} Nf6 {[%clk 01:30:54]} {[%emt 00:00:15]} 3. g3
{[%clk 01:31:49]} {[%emt 00:00:05]} d5 {[%clk 01:31:11]} {[%emt 00:00:13]} 4.
cxd5 {[%clk 01:32:15]} {[%emt 00:00:05]} Nxd5 {[%clk 01:31:35]} {[%emt
00:00:04]} 5. Bg2 {[%clk 01:32:43]} {[%emt 00:00:03]} Nf6 {[%clk 01:31:37]}
{[%emt 00:00:28]} 6. Nf3 {[%clk 01:32:48]} {[%emt 00:00:26]} Nc6 {[%clk
01:32:02]} {[%emt 00:00:05]} 7. d3 {[%clk 01:33:08]} {[%emt 00:00:11]} h6
{[%clk 01:32:13]} {[%emt 00:00:19]} 8. O-O {[%clk 01:33:13]} {[%emt 00:00:25]}
Bd6 {[%clk 01:31:57]} {[%emt 00:00:47]} 9. a3 {[%clk 01:33:30]} {[%emt
00:00:13]} a5 {[%clk 01:32:05]} {[%emt 00:00:20]} 10. Bd2 {[%clk 01:33:31]}
{[%emt 00:00:29]} O-O {[%clk 01:31:32]} {[%emt 00:01:04]} 11. Rc1 {[%clk
01:32:37]} {[%emt 00:01:22]} Bf5 {[%clk 01:25:15]} {[%emt 00:06:47]} 12. Nb5
{[%clk 01:22:38]} {[%emt 00:10:29]} Qd7 {[%clk 01:23:41]} {[%emt 00:02:04]} 13.
b4 {[%clk 01:15:22]} {[%emt 00:07:47]} axb4 {[%emt 00:09:54]} 14. Nxd6 {[%clk
01:14:04]} {[%emt 00:01:45]} cxd6 {[%clk 01:13:42]} {[%emt 00:01:08]} 15. axb4
{[%clk 01:14:06]} {[%emt 00:00:28]} Bh3 {[%clk 01:11:46]} {[%emt 00:02:25]} 16.
Ra1 {[%clk 01:13:09]} {[%emt 00:01:27]} Bxg2 {[%clk 01:04:49]} {[%emt
00:07:27]} 17. Kxg2 {[%clk 01:13:35]} {[%emt 00:00:04]} b5 {[%clk 00:57:27]}
{[%emt 00:07:53]} 18. Qc2 {[%clk 01:12:35]} {[%emt 00:01:29]} Qb7 {[%clk
00:50:24]} {[%emt 00:07:33]} 19. Kg1 {[%clk 01:10:23]} {[%emt 00:02:43]} Rfc8
{[%clk 00:44:32]} {[%emt 00:06:22]} 20. Rxa8 {[%clk 01:06:13]} {[%emt
00:04:41]} Qxa8 {[%clk 00:43:25]} {[%emt 00:01:36]} 21. Qb2 {[%clk 01:05:50]}
{[%emt 00:00:52]} Qb7 {[%clk 00:40:02]} {[%emt 00:03:54]} 22. Ra1 {[%clk
00:56:34]} {[%emt 00:09:45]} Ra8 {[%clk 00:38:49]} {[%emt 00:01:44]} 23. e4
{[%clk 00:53:32]} {[%emt 00:03:32]} Ne7 {[%clk 00:30:54]} {[%emt 00:08:24]} 24.
h3 {[%clk 00:49:30]} {[%emt 00:04:32]} Rxa1+ {[%clk 00:24:51]} {[%emt
00:06:33]} 25. Qxa1 {[%clk 00:49:59]} {[%emt 00:00:01]} Nd7 {[%clk 00:24:54]}
{[%emt 00:00:26]} 26. Qa5 {[%clk 00:45:27]} {[%emt 00:05:01]} Nc6 {[%clk
00:23:08]} {[%emt 00:02:17]} 27. Qa2 {[%clk 00:45:34]} {[%emt 00:00:22]} Ne7
{[%clk 00:22:56]} {[%emt 00:00:43]} 28. Qa5 {[%clk 00:38:49]} {[%emt 00:07:15]}
Nc6 {[%clk 00:23:15]} {[%emt 00:00:11]} 29. Qa2 {[%clk 00:38:38]} {[%emt
00:00:41]} Ne7 {[%clk 00:23:24]} {[%emt 00:00:21]} 30. Bc3 {[%clk 00:29:46]}
{[%emt 00:09:22]} d5 {[%clk 00:22:06]} {[%emt 00:01:48]} 31. Nxe5 {[%clk
00:27:31]} {[%emt 00:02:46]} Nxe5 {[%clk 00:21:42]} {[%emt 00:00:53]} 32. Bxe5
{[%clk 00:27:40]} {[%emt 00:00:22]} dxe4 {[%clk 00:21:22]} {[%emt 00:00:50]}
33. Qe2 {[%clk 00:21:40]} {[%emt 00:06:28]} exd3 {[%clk 00:21:00]} {[%emt
00:00:54]} 34. Qxd3 {[%clk 00:22:05]} {[%emt 00:00:04]} Qd5 {[%clk 00:19:46]}
{[%emt 00:01:43]} 35. Qc3 {[%clk 00:21:53]} {[%emt 00:00:41]} Qd1+ {[%clk
00:17:46]} {[%emt 00:02:31]} 36. Kg2 {[%clk 00:21:58]} {[%emt 00:00:25]} Qd5+
{[%clk 00:17:59]} {[%emt 00:00:18]} 37. Kh2 {[%clk 00:20:29]} {[%emt 00:01:58]}
f6 {[%clk 00:15:24]} {[%emt 00:03:06]} 38. Bd4 {[%clk 00:17:31]} {[%emt
00:03:28]} Nc6 {[%clk 00:14:51]} {[%emt 00:01:02]} 39. Bc5 {[%clk 00:17:36]}
{[%emt 00:00:23]} Ne5 {[%clk 00:14:51]} {[%emt 00:00:32]} 40. g4 {[%clk
00:14:15]} {[%emt 00:03:51]} Kf7 {[%clk 00:02:08]} {[%emt 00:13:13]} 41. Qe3
{[%clk 00:10:14]} {[%emt 00:04:30]} Qd3 {[%clk 00:26:59]} {[%emt 00:05:40]} 42.
Kg3 {[%clk 00:35:37]} {[%emt 00:05:07]} Qxe3+ {[%clk 00:24:03]} {[%emt
00:03:26]} 43. fxe3 {[%clk 00:35:34]} {[%emt 00:00:34]} Nd7 {[%clk 00:17:46]}
{[%emt 00:06:46]} 44. Bd4 {[%clk 00:35:22]} {[%emt 00:00:40]} Ke6 {[%clk
00:16:58]} {[%emt 00:01:20]} 45. e4 {[%clk 00:35:12]} {[%emt 00:00:39]} Ne5
{[%clk 00:16:35]} {[%emt 00:00:53]} 46. Bc3 {[%clk 00:34:55]} {[%emt 00:00:45]}
g5 {[%clk 00:15:51]} {[%emt 00:01:16]} 47. h4 {[%clk 00:31:48]} {[%emt
00:03:38]} Nd3 {[%clk 00:14:07]} {[%emt 00:02:13]} 48. hxg5 {[%clk 00:30:42]}
{[%emt 00:01:35]} hxg5 {[%clk 00:14:31]} {[%emt 00:00:06]} 49. Kf3 {[%clk
00:30:35]} {[%emt 00:00:35]} Nf4 {[%clk 00:13:55]} {[%emt 00:01:09]} 50. Bb2
{[%clk 00:29:56]} {[%emt 00:01:07]} Ng6 {[%clk 00:14:13]} {[%emt 00:00:14]} 51.
Bc3 {[%clk 00:30:09]} {[%emt 00:00:14]} Ne7 {[%clk 00:14:16]} {[%emt 00:00:30]}
52. Ke3 {[%clk 00:29:57]} {[%emt 00:00:41]} Nc6 {[%clk 00:14:37]} {[%emt
00:00:08]} 53. Kf3 {[%clk 00:29:56]} {[%emt 00:00:29]} Kf7 {[%clk 00:14:36]}
{[%emt 00:00:34]} 54. Ke3 {[%clk 00:30:08]} {[%emt 00:00:17]} Ke7 {[%clk
00:15:03]} {[%emt 00:00:04]} 55. Kf3 {[%clk 00:29:57]} {[%emt 00:00:40]} Ke6
{[%clk 00:15:29]} {[%emt 00:00:05]} 56. Ke2 {[%clk 00:30:17]} {[%emt 00:00:08]}
Ne5 {[%clk 00:15:19]} {[%emt 00:00:41]} 57. Bxe5 {[%clk 00:30:37]} {[%emt
00:00:10]} fxe5 {[%clk 00:15:45]} {[%emt 00:00:05]} 1/2-1/2

[Event "Deutsche Ländermeisterschaft 2024"]
[Site "Tübingen GER"]
[Date "2024.10.04"]
[Round "4"]
[White "Krannich, Eva"]
[Black "Margaryan, Mane"]
[Result "0-1"]
[Termination "normal"]
[Board "4.8"]
[WhiteElo "1582"]
[BlackElo "1493"]
[WhiteClock "00:48:38"]
[BlackClock "00:17:22"]
[WhiteTeam "Rheinland-Pfalz"]
[BlackTeam "Schleswig-Holstein"]
[PlyCount "46"]
[WhiteFideId "34639713"]
[BlackFideId "16268237"]
[EventCountry "GER"]
[EventRounds "7"]
[EventType "team-swiss"]
[EventDate "2024.10.02"]

1. e4 {[%clk 01:30:59]} {[%emt 00:00:01]} c6 {[%clk 01:30:56]} {[%emt
00:00:04]} 2. d4 {[%clk 01:31:22]} {[%emt 00:00:06]} g6 {[%clk 01:30:52]}
{[%emt 00:00:35]} 3. Nf3 {[%clk 01:31:26]} {[%emt 00:00:26]} Bg7 {[%clk
01:30:46]} {[%emt 00:00:35]} 4. Bd3 {[%clk 01:31:12]} {[%emt 00:00:44]} d5
{[%clk 01:29:56]} {[%emt 00:01:20]} 5. exd5 {[%clk 01:31:26]} {[%emt 00:00:16]}
cxd5 {[%clk 01:30:16]} {[%emt 00:00:10]} 6. h3 {[%clk 01:31:41]} {[%emt
00:00:14]} Nh6 {[%clk 01:23:58]} {[%emt 00:06:48]} 7. c3 {[%clk 01:27:00]}
{[%emt 00:05:12]} f6 {[%clk 01:21:44]} {[%emt 00:02:43]} 8. Bf4 {[%clk
01:23:32]} {[%emt 00:03:58]} O-O {[%clk 01:20:07]} {[%emt 00:02:07]} 9. O-O
{[%clk 01:22:54]} {[%emt 00:01:08]} Nf7 {[%clk 01:20:31]} {[%emt 00:00:07]} 10.
Re1 {[%clk 01:19:44]} {[%emt 00:03:40]} Re8 {[%clk 01:18:17]} {[%emt 00:02:44]}
11. Bg3 {[%clk 01:17:50]} {[%emt 00:02:24]} e5 {[%clk 01:12:20]} {[%emt
00:06:26]} 12. Bc2 {[%clk 01:16:16]} {[%emt 00:02:03]} b6 {[%clk 00:58:24]}
{[%emt 00:14:26]} 13. Nbd2 {[%clk 01:12:55]} {[%emt 00:03:51]} Bb7 {[%clk
00:55:27]} {[%emt 00:03:27]} 14. Nf1 {[%clk 01:08:38]} {[%emt 00:04:47]} e4
{[%clk 00:50:08]} {[%emt 00:05:49]} 15. N3h2 {[%clk 01:08:48]} {[%emt
00:00:21]} f5 {[%clk 00:47:06]} {[%emt 00:03:32]} 16. Ne3 {[%clk 01:06:54]}
{[%emt 00:02:22]} Nd7 {[%clk 00:45:16]} {[%emt 00:02:20]} 17. Bb3 {[%clk
01:06:52]} {[%emt 00:00:33]} Nf6 {[%clk 00:44:02]} {[%emt 00:01:43]} 18. Qe2
{[%clk 00:58:03]} {[%emt 00:09:18]} Nh5 {[%clk 00:37:07]} {[%emt 00:07:26]} 19.
Nxf5 {[%clk 00:56:13]} {[%emt 00:02:20]} Nxg3 {[%clk 00:35:56]} {[%emt
00:01:40]} 20. Nxg3 {[%clk 00:56:22]} {[%emt 00:00:20]} Bh6 {[%clk 00:28:50]}
{[%emt 00:07:36]} 21. Ng4 {[%clk 00:55:45]} {[%emt 00:01:08]} Bf4 {[%clk
00:25:30]} {[%emt 00:03:50]} 22. Nf1 {[%clk 00:52:31]} {[%emt 00:03:45]} a5
{[%clk 00:21:36]} {[%emt 00:04:24]} 23. Ba4 {[%clk 00:48:38]} {[%emt 00:04:22]}
Rf8 {[%clk 00:17:22]} {[%emt 00:04:44]} 24. Nfe3 {[%clk 00:46:20]} {[%emt
00:02:49]} Nd6 {[%emt 00:02:49]} 25. Bb5 {[%clk 00:44:26]} {[%emt 00:02:22]}
Qc8 {[%clk 00:06:48]} {[%emt 00:08:46]} 26. Rf1 {[%clk 00:37:34]} {[%emt
00:07:22]} Kg7 {[%clk 00:04:03]} {[%emt 00:03:15]} 27. a4 {[%clk 00:36:43]}
{[%emt 00:01:22]} h5 {[%clk 00:02:38]} {[%emt 00:01:55]} 28. Nh2 {[%clk
00:34:31]} {[%emt 00:02:41]} Qc7 {[%clk 00:01:20]} {[%emt 00:01:49]} 29. Rfc1
{[%clk 00:32:26]} {[%emt 00:02:34]} Nxb5 {[%clk 00:01:14]} {[%emt 00:00:36]}
30. axb5 {[%clk 00:31:19]} {[%emt 00:01:37]} Bxh2+ {[%clk 00:01:27]} {[%emt
00:00:17]} 31. Kh1 {[%clk 00:31:36]} {[%emt 00:00:13]} Bf4 {[%clk 00:01:16]}
{[%emt 00:00:42]} 32. Rf1 {[%clk 00:30:29]} {[%emt 00:01:37]} Bxe3 {[%clk
00:01:01]} {[%emt 00:00:45]} 33. Qxe3 {[%clk 00:30:33]} {[%emt 00:00:25]} Qc4
{[%clk 00:01:06]} {[%emt 00:00:25]} 34. Qg5 {[%clk 00:29:46]} {[%emt 00:01:17]}
Qxb5 {[%clk 00:00:55]} {[%emt 00:00:42]} 35. Rab1 {[%clk 00:28:52]} {[%emt
00:01:24]} Qd7 {[%clk 00:00:53]} {[%emt 00:00:32]} 36. Qe5+ {[%clk 00:27:27]}
{[%emt 00:01:54]} Kg8 {[%clk 00:00:57]} {[%emt 00:00:27]} 37. b4 {[%clk
00:26:51]} {[%emt 00:01:06]} a4 {[%clk 00:00:55]} {[%emt 00:00:32]} 38. Rg1
{[%clk 00:26:13]} {[%emt 00:01:07]} Rxf2 {[%clk 00:00:55]} {[%emt 00:00:30]}
39. g4 {[%clk 00:26:00]} {[%emt 00:00:43]} Raf8 {[%clk 00:00:53]} {[%emt
00:00:32]} 40. Qg5 {[%clk 00:26:07]} {[%emt 00:00:23]} Qf7 {[%clk 00:00:52]}
{[%emt 00:00:32]} 41. Qxg6+ {[%clk 00:26:02]} {[%emt 00:00:34]} Qxg6 {[%clk
00:01:05]} {[%emt 00:00:17]} 42. gxh5 {[%clk 00:26:16]} {[%emt 00:00:16]} Qxg1+
{[%clk 00:01:19]} {[%emt 00:00:16]} 43. Rxg1+ {[%clk 00:26:34]} {[%emt
00:00:13]} Kh7 {[%clk 00:01:17]} {[%emt 00:00:31]} 44. Rg6 {[%clk 00:26:35]}
{[%emt 00:00:29]} Rf1+ {[%clk 00:00:53]} {[%emt 00:00:55]} 45. Kh2 {[%clk
00:26:56]} {[%emt 00:00:09]} R8f2+ {[%clk 00:01:11]} {[%emt 00:00:13]} 46. Kg3
{[%clk 00:27:14]} {[%emt 00:00:11]} Rg1+ {[%clk 00:01:27]} {[%emt 00:00:14]}
47. Kxf2 {[%clk 00:27:25]} {[%emt 00:00:19]} Rxg6 {[%clk 00:01:38]} {[%emt
00:00:19]} 48. hxg6+ {[%clk 00:27:48]} {[%emt 00:00:07]} Kxg6 {[%clk 00:01:55]}
{[%emt 00:00:14]} 49. Ke2 {[%clk 00:28:12]} {[%emt 00:00:06]} a3 {[%clk
00:02:09]} {[%emt 00:00:16]} 50. Kd2 {[%clk 00:28:37]} {[%emt 00:00:04]} a2
{[%clk 00:02:32]} {[%emt 00:00:07]} 51. Kc2 {[%clk 00:29:03]} {[%emt 00:00:04]}
a1=Q {[%emt 00:00:11]} 0-1

[Event "Deutsche Ländermeisterschaft 2024"]
[Site "Tübingen GER"]
[Date "2024.10.04"]
[Round "4"]
[White "Nechitaylo, Nikita"]
[Black "Uhlmann, Tim"]
[Result "1/2-1/2"]
[Termination "normal"]
[Board "5.2"]
[WhiteElo "2289"]
[BlackElo "2068"]
[WhiteClock "01:19:32"]
[BlackClock "00:21:56"]
[WhiteTeam "Niedersachsen"]
[BlackTeam "Baden"]
[PlyCount "106"]
[WhiteFideId "34138161"]
[BlackFideId "16239210"]
[EventCountry "GER"]
[EventRounds "7"]
[EventType "team-swiss"]
[EventDate "2024.10.02"]

1. d4 {[%clk 01:30:49]} {[%emt 00:00:10]} f5 {[%clk 01:30:54]} {[%emt
00:00:07]} 2. Nf3 {[%clk 01:29:31]} {[%emt 00:01:49]} Nf6 {[%clk 01:31:12]}
{[%emt 00:00:10]} 3. g3 {[%clk 01:29:54]} {[%emt 00:00:06]} b6 {[%clk
01:31:26]} {[%emt 00:00:17]} 4. Bg2 {[%clk 01:30:02]} {[%emt 00:00:22]} Bb7
{[%clk 01:31:48]} {[%emt 00:00:08]} 5. b3 {[%clk 01:27:10]} {[%emt 00:03:22]}
e6 {[%clk 01:31:39]} {[%emt 00:00:39]} 6. Bb2 {[%clk 01:26:28]} {[%emt
00:01:13]} Be7 {[%clk 01:31:31]} {[%emt 00:00:38]} 7. Nbd2 {[%clk 01:26:06]}
{[%emt 00:00:52]} O-O {[%clk 01:31:44]} {[%emt 00:00:17]} 8. O-O {[%clk
01:26:16]} {[%emt 00:00:20]} Ne4 {[%clk 01:30:45]} {[%emt 00:01:29]} 9. Nxe4
{[%clk 01:21:56]} {[%emt 00:04:50]} Bxe4 {[%clk 01:30:25]} {[%emt 00:00:49]}
10. Nd2 {[%clk 01:19:04]} {[%emt 00:03:22]} Bxg2 {[%clk 01:29:48]} {[%emt
00:01:08]} 11. Kxg2 {[%clk 01:19:32]} {[%emt 00:00:02]} d5 {[%clk 00:21:56]}
12. f3 {[%clk 01:19:32]} Bf6 {[%clk 00:21:56]} 13. c3 {[%clk 01:19:32]} c5
{[%clk 00:21:56]} 14. Ba3 {[%clk 01:19:32]} Re8 {[%clk 00:21:56]} 15. dxc5
{[%clk 01:19:32]} bxc5 {[%clk 00:21:56]} 16. Bxc5 {[%clk 01:19:32]} Bxc3 {[%clk
00:21:56]} 17. Rc1 {[%clk 01:19:32]} Qa5 {[%clk 00:21:56]} 18. Nb1 {[%clk
01:19:32]} Bf6 {[%clk 00:21:56]} 19. e4 {[%clk 01:19:32]} dxe4 {[%clk
00:21:56]} 20. fxe4 {[%clk 01:19:32]} fxe4 {[%clk 00:21:56]} 21. Qd2 {[%clk
01:19:32]} Qb5 {[%clk 00:21:56]} 22. Na3 {[%clk 01:19:32]} Qd3 {[%clk
00:21:56]} 23. Qf2 {[%clk 01:19:32]} Qd5 {[%clk 00:21:56]} 24. Rfd1 {[%clk
01:19:32]} Qf5 {[%clk 00:21:56]} 25. Nb5 {[%clk 01:19:32]} Na6 {[%clk
00:21:56]} 26. Nd6 {[%clk 01:19:32]} Qf3+ {[%clk 00:21:56]} 27. Qxf3 {[%clk
01:19:32]} exf3+ {[%clk 00:21:56]} 28. Kxf3 {[%clk 01:19:32]} Rf8 {[%clk
00:21:56]} 29. Ke4 {[%clk 01:19:32]} Bb2 {[%clk 00:21:56]} 30. Rc2 {[%clk
01:19:32]} Nxc5+ {[%clk 00:21:56]} 31. Rxc5 {[%clk 01:19:32]} Rf2 {[%clk
00:21:56]} 32. h4 {[%clk 01:19:32]} Ba3 {[%clk 00:21:56]} 33. Ra5 {[%clk
01:19:32]} Bb4 {[%clk 00:21:56]} 34. Ra4 {[%clk 01:19:32]} Bc5 {[%clk
00:21:56]} 35. Rc4 {[%clk 01:19:32]} Bb6 {[%clk 00:21:56]} 36. a4 {[%clk
01:19:32]} Raf8 {[%clk 00:21:56]} 37. Ke5 {[%clk 01:19:32]} R2f3 {[%clk
00:21:56]} 38. b4 {[%clk 01:19:32]} Rxg3 {[%clk 00:21:56]} 39. a5 {[%clk
01:19:32]} Bf2 {[%clk 00:21:56]} 40. Kxe6 {[%clk 01:19:32]} Rg6+ {[%clk
00:21:56]} 41. Kd7 {[%clk 01:19:32]} Rh6 {[%clk 00:21:56]} 42. b5 {[%clk
01:19:32]} Rh5 {[%clk 00:21:56]} 43. Rf1 {[%clk 01:19:32]} Rd5 {[%clk
00:21:56]} 44. b6 {[%clk 01:19:32]} axb6 {[%clk 00:21:56]} 45. axb6 {[%clk
01:19:32]} Rf7+ {[%clk 00:21:56]} 46. Kc6 {[%clk 01:19:32]} Rxd6+ {[%clk
00:21:56]} 47. Kxd6 {[%clk 01:19:32]} Bg3+ {[%clk 00:21:56]} 48. Ke6 {[%clk
01:19:32]} Rxf1 {[%clk 00:21:56]} 49. Rc8+ {[%clk 01:19:32]} Rf8 {[%clk
00:21:56]} 50. b7 {[%clk 01:19:32]} g6 {[%clk 00:21:56]} 51. Ke7 {[%clk
01:19:32]} Bxh4+ {[%clk 00:21:56]} 52. Kd6 {[%clk 01:19:32]} Bg3+ {[%clk
00:21:56]} 53. Ke7 {[%clk 01:19:32]} Bh4+ {[%clk 00:21:56]} 1/2-1/2